[Event "SERBIA CHESS OPEN 2021 – MASTERS"]
[Site "Belgrade, Hotel Metropol"]
[Date "2021.07.05"]
[Round "5.51"]
[White "Nguyen, Piotr"]
[Black "Lundin, Jan"]
[Result "1-0"]
[WhiteElo "2411"]
[BlackElo "2114"]
[PlyCount "81"]
[EventDate "2021.??.??"]

1. d4 d5 2. Nf3 e6 3. g3 c5 4. Bg2 Nc6 5. O-O cxd4 6. Nxd4 Bc5 7. Nb3 Bb6 8. c4
Nge7 9. Nc3 dxc4 10. Qxd8+ Bxd8 11. Nd2 Na5 12. b4 cxb3 13. axb3 Nd5 14. Nxd5
exd5 15. Bxd5 Be6 16. Bxe6 fxe6 17. Bb2 O-O 18. b4 Nc6 19. b5 Ne7 20. Ne4 Rf5
21. Nd6 Rd5 22. Nxb7 Rxb5 23. Nxd8 Rxb2 24. Nxe6 a5 25. e3 a4 26. Ra3 Nd5 27.
Rfa1 Nb6 28. h4 Rb4 29. Nc5 Rc4 30. Nd3 Rc2 31. Nb4 Rb2 32. Nd3 Rc2 33. Kg2 Rd8
34. Ne1 Rc4 35. Rb1 Nd5 36. Rd3 Rd7 37. Rbd1 a3 38. Rxd5 Rxd5 39. Rxd5 Rc1 40.
Ra5 Rxe1 41. Rxa3 1-0

[Event "SERBIA CHESS OPEN 2021 – MASTERS"]
[Site "Belgrade, Hotel Metropol"]
[Date "2021.07.05"]
[Round "5.52"]
[White "Raja, Rithvik R"]
[Black "Unat, Can Haktan"]
[Result "1-0"]
[WhiteElo "2408"]
[BlackElo "2130"]
[PlyCount "107"]
[EventDate "2021.??.??"]

1. d4 d5 2. c4 dxc4 3. Nf3 Nf6 4. e3 Bg4 5. Bxc4 e6 6. Nc3 a6 7. h3 Bh5 8. O-O
Nc6 9. Be2 Bd6 10. Nd2 Bxe2 11. Qxe2 O-O 12. f4 Nd5 13. Nc4 f5 14. Nxd5 exd5
15. Ne5 Bxe5 16. dxe5 Qe7 17. b3 Rad8 18. Rd1 Qb4 19. Bb2 d4 20. Rac1 dxe3 21.
Qxe3 Rxd1+ 22. Rxd1 Rd8 23. Rxd8+ Nxd8 24. Qd3 Ne6 25. Qxf5 Nxf4 26. Kh2 Qf8
27. Qe4 c6 28. e6 Ng6 29. Qd3 Nf4 30. Qd7 Ng6 31. Bc1 h6 32. Be3 c5 33. Qd5
Qb8+ 34. Kg1 Qe5 35. Qxe5 Nxe5 36. Bxc5 Nd3 37. Bd6 g6 38. Kf1 Kg7 39. Ke2 Nc1+
40. Ke3 Nxa2 41. Kd4 Kf6 42. e7 Kf7 43. b4 b6 44. Kd5 Nc3+ 45. Kc6 Ne4 46. Be5
Kxe7 47. Kxb6 Nf2 48. Kxa6 Nd3 49. Bc3 Nf4 50. b5 Nd5 51. b6 Kd7 52. b7 Nc7+
53. Ka7 Nb5+ 54. Kb6 1-0

[Event "SERBIA CHESS OPEN 2021 – MASTERS"]
[Site "Belgrade, Hotel Metropol"]
[Date "2021.07.05"]
[Round "5.53"]
[White "Boucquet, Emile"]
[Black "Perez Gormaz, Matias"]
[Result "1-0"]
[WhiteElo "2100"]
[BlackElo "2400"]
[PlyCount "71"]
[EventDate "2021.??.??"]

1. d4 Nf6 2. c4 e6 3. Nf3 d5 4. Nc3 dxc4 5. e3 a6 6. a4 c5 7. Bxc4 Nc6 8. O-O
Be7 9. Qe2 cxd4 10. Rd1 e5 11. exd4 exd4 12. Nxd4 Nxd4 13. Qe5 Qd6 14. Qxd6
Bxd6 15. Rxd4 Bc5 16. Rf4 Be6 17. Bxe6 fxe6 18. Rc4 Bd6 19. Be3 Ke7 20. Rc1
Rhd8 21. a5 Rd7 22. Bb6 Be5 23. Na4 Kf7 24. Re1 Bd6 25. g3 Nd5 26. Bc5 Rc8 27.
Rec1 Bxc5 28. Nxc5 Re7 29. Nxb7 Rxc4 30. Nd6+ Kg6 31. Rxc4 Rd7 32. Rc6 Nb4 33.
Rb6 Nd3 34. Nc4 Kf5 35. Rxa6 g5 36. Rd6 1-0

[Event "SERBIA CHESS OPEN 2021 – MASTERS"]
[Site "Belgrade, Hotel Metropol"]
[Date "2021.07.05"]
[Round "5.54"]
[White "Caspi, Israel"]
[Black "Balabayeva, Xeniya"]
[Result "1-0"]
[WhiteElo "2510"]
[BlackElo "2116"]
[PlyCount "89"]
[EventDate "2021.??.??"]

1. e4 c6 2. d4 d5 3. e5 c5 4. dxc5 e6 5. a3 Bxc5 6. b4 Be7 7. Qg4 g6 8. Nf3 a5
9. b5 h5 10. Qf4 Nh6 11. c4 dxc4 12. Bxc4 Nf5 13. O-O b6 14. Nc3 Bb7 15. Rd1
Qc7 16. Ne4 Bxe4 17. Qxe4 Ra7 18. Bb2 Nd7 19. Rac1 Nc5 20. Qc6+ Kf8 21. Rd6
Qxc6 22. bxc6 Rg8 23. Rdd1 g5 24. Bb5 g4 25. Nd2 Kg7 26. Nc4 Rd8 27. Rxd8 Bxd8
28. a4 Bc7 29. Ba3 Ra8 30. Nxb6 Bxb6 31. Bxc5 Bc7 32. Bd3 Bxe5 33. Bxf5 exf5
34. Bb6 Kf6 35. c7 Rc8 36. Bxa5 Ke6 37. Kf1 h4 38. h3 f6 39. Ke2 Kd7 40. Rd1+
Kc6 41. Rd8 Kb7 42. f3 gxh3 43. gxh3 Bf4 44. Kd3 Bg3 45. Kc4 1-0

[Event "SERBIA CHESS OPEN 2021 – MASTERS"]
[Site "Belgrade, Hotel Metropol"]
[Date "2021.07.05"]
[Round "5.55"]
[White "Kalogeris, Ioannis"]
[Black "Mohammad, Nubairshah Shaikh"]
[Result "1/2-1/2"]
[WhiteElo "2307"]
[BlackElo "2436"]
[PlyCount "67"]
[EventDate "2021.??.??"]

1. e4 g6 2. d4 Bg7 3. Nf3 c6 4. h3 d6 5. a4 Nf6 6. Bd3 O-O 7. O-O Nbd7 8. Nbd2
e5 9. dxe5 Nxe5 10. Nxe5 dxe5 11. Nc4 Nh5 12. Qf3 Be6 13. Rd1 Qh4 14. Nd6 b6
15. Bf1 Nf4 16. Kh2 Rad8 17. Be3 Qe7 18. Nc4 g5 19. Rxd8 Rxd8 20. Rd1 Rf8 21.
g3 Nxh3 22. Bxh3 Bxh3 23. Kxh3 Qe6+ 24. Qg4 Qxc4 25. Bxg5 h5 26. Qf5 Qxc2 27.
Rd6 Qe2 28. Bf6 Qg4+ 29. Qxg4 hxg4+ 30. Kxg4 Bxf6 31. Rxf6 Rd8 32. Rxc6 Rd2 33.
f3 Rxb2 34. a5 1/2-1/2

[Event "SERBIA CHESS OPEN 2021 – MASTERS"]
[Site "Belgrade, Hotel Metropol"]
[Date "2021.07.05"]
[Round "5.56"]
[White "Carnic, Srdjan"]
[Black "Pap, Misa"]
[Result "1/2-1/2"]
[WhiteElo "2291"]
[BlackElo "2431"]
[PlyCount "97"]
[EventDate "2021.??.??"]

1. Nf3 c5 2. c4 g6 3. g3 Bg7 4. Bg2 Nc6 5. Nc3 d6 6. O-O Bf5 7. d3 Qd7 8. Rb1
Nf6 9. a3 a5 10. Bg5 Be6 11. Ne1 h6 12. Bd2 d5 13. Na4 Qd6 14. Bf4 Ne5 15. Bxe5
Qxe5 16. Nxc5 O-O 17. d4 Qc7 18. Nxe6 fxe6 19. cxd5 exd5 20. Nd3 Qd6 21. Qb3 a4
22. Qb4 Qxb4 23. Nxb4 e6 24. Nd3 g5 25. e3 Nd7 26. Rbc1 Rfc8 27. Rfd1 Kf7 28.
Kf1 Rab8 29. Ke2 Nb6 30. Rxc8 Rxc8 31. Rc1 Nc4 32. Rc2 b5 33. Bh3 Ke7 34. f4
Kd6 35. Kf3 Rf8 36. Bg4 e5 37. dxe5+ Bxe5 38. e4 Bg7 39. exd5 Re8 40. Be6 Rb8
41. Ke4 Rb7 42. Ne5 Bxe5 43. fxe5+ Nxe5 44. Rc8 Nc4 45. Rc6+ Ke7 46. Kf5 Ne3+
47. Ke5 Nc4+ 48. Kf5 Ne3+ 49. Ke5 1/2-1/2

[Event "SERBIA CHESS OPEN 2021 – MASTERS"]
[Site "Belgrade, Hotel Metropol"]
[Date "2021.07.05"]
[Round "5.57"]
[White "Sankalp, Gupta"]
[Black "Kukelko, Alexey"]
[Result "1-0"]
[WhiteElo "2429"]
[BlackElo "2304"]
[PlyCount "53"]
[EventDate "2021.??.??"]

1. e4 e6 2. d4 d5 3. Nd2 dxe4 4. Nxe4 Nd7 5. Nf3 Ngf6 6. Bd3 Nxe4 7. Bxe4 c5 8.
O-O Nf6 9. Bg5 cxd4 10. Nxd4 Qb6 11. Bf3 Bc5 12. Nb3 Bd6 13. Qd4 Qc7 14. Rfe1
Qe7 15. Rad1 Bc7 16. Qa4+ Bd7 17. Qc4 Rc8 18. Qh4 Bb6 19. c3 Bc6 20. Bxc6+ Rxc6
21. Rd3 O-O 22. Rg3 Bd8 23. Rh3 Re8 24. Nd4 Rd6 25. Bxf6 Qxf6 26. Qxh7+ Kf8 27.
Nf5 1-0

[Event "SERBIA CHESS OPEN 2021 – MASTERS"]
[Site "Belgrade, Hotel Metropol"]
[Date "2021.07.05"]
[Round "5.58"]
[White "Subelj, Jan"]
[Black "Milikow, Yoav"]
[Result "1/2-1/2"]
[WhiteElo "2426"]
[BlackElo "2301"]
[PlyCount "74"]
[EventDate "2021.??.??"]

1. d4 Nf6 2. c4 g6 3. Nc3 d5 4. cxd5 Nxd5 5. Bd2 Bg7 6. e4 Nxc3 7. Bxc3 O-O 8.
Qd2 c5 9. d5 Bxc3 10. bxc3 Qd6 11. f4 e5 12. Nf3 Nd7 13. Bb5 f6 14. Bxd7 Bxd7
15. fxe5 fxe5 16. O-O Rf4 17. Qe3 Bb5 18. Rfb1 Ba6 19. Ng5 Rf6 20. a4 Rb8 21.
Ne6 b6 22. a5 bxa5 23. Nxc5 Rxb1+ 24. Rxb1 Qb6 25. Re1 Bb5 26. h3 a4 27. Kh2
Rf1 28. Rxf1 Bxf1 29. c4 Bxc4 30. Qa3 Qd6 31. Qb4 Be2 32. Qc3 Bb5 33. Ne6 Bd7
34. Nc5 Be8 35. Ne6 Bd7 36. Nc5 Be8 37. Ne6 Bd7 1/2-1/2

[Event "SERBIA CHESS OPEN 2021 – MASTERS"]
[Site "Belgrade, Hotel Metropol"]
[Date "2021.07.05"]
[Round "5.59"]
[White "Perunovic, Miodrag"]
[Black "Heinemann, Josefine"]
[Result "1/2-1/2"]
[WhiteElo "2425"]
[BlackElo "2285"]
[PlyCount "66"]
[EventDate "2021.??.??"]

1. e4 c5 2. Nc3 d6 3. d4 cxd4 4. Qxd4 Nc6 5. Qd2 g6 6. b3 Bh6 7. f4 Nf6 8. Bb2
O-O 9. O-O-O e5 10. g3 Re8 11. Kb1 Nd4 12. Bg2 Bg4 13. Rf1 b5 14. h3 Bd7 15.
Nce2 Nxe2 16. Nxe2 Bc6 17. Qd3 Bg7 18. f5 d5 19. g4 Nxe4 20. Bxe4 dxe4 21. Qg3
Rc8 22. Rh2 Rc7 23. h4 Rd7 24. Rhh1 h6 25. Rhg1 b4 26. Re1 a5 27. Qe3 a4 28.
Qc5 Ba8 29. fxg6 fxg6 30. Qxb4 axb3 31. axb3 Qxh4 32. Ng3 Rc8 33. Nxe4 Qh2
1/2-1/2

[Event "SERBIA CHESS OPEN 2021 – MASTERS"]
[Site "Belgrade, Hotel Metropol"]
[Date "2021.07.05"]
[Round "5.60"]
[White "Marn, Jan"]
[Black "Stankovic, Milos"]
[Result "1-0"]
[WhiteElo "2280"]
[BlackElo "2421"]
[PlyCount "63"]
[EventDate "2021.??.??"]

1. d4 Nf6 2. c4 g6 3. Nc3 d5 4. cxd5 Nxd5 5. e4 Nxc3 6. bxc3 Bg7 7. Nf3 c5 8.
Bb5+ Nd7 9. O-O O-O 10. Re1 a6 11. Bf1 b5 12. a4 bxa4 13. Qxa4 Qc7 14. Rb1 Nf6
15. Ba3 Bd7 16. Qc4 Rfc8 17. Qxc5 Bc6 18. d5 Ba4 19. Qxc7 Rxc7 20. c4 Bc2 21.
e5 Bxb1 22. exf6 Ba2 23. fxe7 Re8 24. d6 Ra7 25. Ne5 Bxe5 26. Rxe5 f6 27. Rd5
Rd7 28. Rd2 Bb3 29. Rb2 Ba4 30. c5 a5 31. Rb6 Kf7 32. c6 1-0

[Event "SERBIA CHESS OPEN 2021 – MASTERS"]
[Site "Belgrade, Hotel Metropol"]
[Date "2021.07.05"]
[Round "5.61"]
[White "Sahin, Ozgun"]
[Black "Savanovic, Aleksandar"]
[Result "1/2-1/2"]
[WhiteElo "2269"]
[BlackElo "2406"]
[PlyCount "35"]
[EventDate "2021.??.??"]

1. e4 e5 2. Nf3 Nc6 3. d4 exd4 4. Nxd4 Nf6 5. Nxc6 bxc6 6. Bd3 d5 7. exd5 cxd5
8. O-O Be7 9. c4 O-O 10. Nc3 Bb7 11. cxd5 Nxd5 12. Bd2 Bf6 13. Re1 Nxc3 14.
Bxc3 Bxc3 15. bxc3 g6 16. Be4 Bxe4 17. Rxe4 Re8 18. Rxe8+ 1/2-1/2

[Event "SERBIA CHESS OPEN 2021 – MASTERS"]
[Site "Belgrade, Hotel Metropol"]
[Date "2021.07.05"]
[Round "5.62"]
[White "Fus, Jakub"]
[Black "Peycheva, Gergana"]
[Result "1/2-1/2"]
[WhiteElo "2403"]
[BlackElo "2280"]
[PlyCount "110"]
[EventDate "2021.??.??"]

1. e4 c5 2. Nf3 Nc6 3. Bb5 g6 4. O-O Bg7 5. c3 Nf6 6. Re1 O-O 7. d4 d5 8. e5
Ne4 9. Bxc6 bxc6 10. Be3 cxd4 11. cxd4 Rb8 12. Qc1 Qb6 13. b3 Qa5 14. Nbd2 Nxd2
15. Bxd2 Qb6 16. h3 Bf5 17. Qc3 h6 18. Rac1 Rfc8 19. Nh4 Bd7 20. e6 Bxe6 21.
Nxg6 fxg6 22. Rxe6 Kf7 23. Rce1 Rb7 24. Qf3+ Bf6 25. Bxh6 Qxd4 26. g4 Rh8 27.
Bc1 Kg8 28. g5 Bg7 29. Rxg6 e5 30. Rxc6 Rf7 31. Rc8+ Bf8 32. Qg2 Rxh3 33. Be3
Qb4 34. Qxh3 Qxe1+ 35. Kg2 Qb1 36. Qg4 Kg7 37. Rc1 Qg6 38. Rh1 Kg8 39. Rh3 d4
40. Bd2 e4 41. Bf4 Qc6 42. Kg1 e3 43. fxe3 Qc1+ 44. Kg2 Qd2+ 45. Kh1 dxe3 46.
Bxe3 Qd5+ 47. Qg2 Rf1+ 48. Bg1 Qf5 49. g6 Bc5 50. Qa8+ Bf8 51. Qg2 Bc5 52. Qa8+
Bf8 53. Rh2 Qc5 54. Qg2 Rxg1+ 55. Qxg1 Qd5+ 1/2-1/2

[Event "SERBIA CHESS OPEN 2021 – MASTERS"]
[Site "Belgrade, Hotel Metropol"]
[Date "2021.07.05"]
[Round "5.63"]
[White "Jocev, Milan"]
[Black "Petkidis, Anthony"]
[Result "0-1"]
[WhiteElo "2260"]
[BlackElo "2401"]
[PlyCount "50"]
[EventDate "2021.??.??"]

1. d4 Nf6 2. c4 e6 3. g3 c5 4. Nf3 cxd4 5. Nxd4 d5 6. Bg2 e5 7. Nf3 d4 8. O-O
Nc6 9. e3 Be7 10. exd4 exd4 11. Nbd2 O-O 12. Nb3 d3 13. Bf4 Bf5 14. Ne5 Nxe5
15. Bxe5 Qd7 16. Nd2 Rad8 17. Qb3 b6 18. a4 Rfe8 19. a5 Ng4 20. axb6 axb6 21.
Bc3 Bc5 22. Bf3 Re2 23. Bxe2 dxe2 24. Rfe1 Bxf2+ 25. Kg2 Qc6+ 0-1

[Event "SERBIA CHESS OPEN 2021 – MASTERS"]
[Site "Belgrade, Hotel Metropol"]
[Date "2021.07.05"]
[Round "5.64"]
[White "Can, Isik"]
[Black "Tanmay, Chopra"]
[Result "1-0"]
[WhiteElo "2398"]
[BlackElo "2273"]
[PlyCount "99"]
[EventDate "2021.??.??"]

1. e4 c6 2. d4 d5 3. Nc3 dxe4 4. Nxe4 Bf5 5. Ng3 Bg6 6. h4 h6 7. Nf3 Nd7 8. h5
Bh7 9. Bd3 Bxd3 10. Qxd3 e6 11. Bd2 Ngf6 12. O-O-O Be7 13. Ne4 Nxe4 14. Qxe4
Nf6 15. Qe2 Qd5 16. c4 Qe4 17. Qxe4 Nxe4 18. Be3 f5 19. Kc2 f4 20. Nd2 fxe3 21.
Nxe4 exf2 22. Rhf1 O-O 23. Rxf2 Rxf2+ 24. Nxf2 Rd8 25. Ne4 b5 26. b3 Bf6 27.
Kd3 a5 28. Nc3 e5 29. d5 e4+ 30. Kc2 bxc4 31. dxc6 Rc8 32. Nxe4 Rxc6 33. Nxf6+
gxf6 34. Rd5 cxb3+ 35. Kxb3 Rb6+ 36. Kc3 Rc6+ 37. Kd3 Rc1 38. Rxa5 Rg1 39. a4
Rxg2 40. Rc5 Ra2 41. a5 Ra4 42. Kc3 Kf7 43. Kb3 Ra1 44. Kc4 Ke6 45. Kb5 Kd7 46.
Kb6 Rb1+ 47. Rb5 Ra1 48. a6 f5 49. a7 Kc8 50. Rc5+ 1-0

[Event "SERBIA CHESS OPEN 2021 – MASTERS"]
[Site "Belgrade, Hotel Metropol"]
[Date "2021.07.05"]
[Round "5.65"]
[White "Milosevic, Milos"]
[Black "Zivkovic, Sava"]
[Result "1/2-1/2"]
[WhiteElo "2396"]
[BlackElo "2251"]
[PlyCount "36"]
[EventDate "2021.??.??"]

1. e4 c5 2. Nf3 d6 3. d4 cxd4 4. Nxd4 Nf6 5. f3 Nc6 6. Nc3 g6 7. Be3 Bg7 8. Qd2
O-O 9. O-O-O Nxd4 10. Bxd4 Be6 11. Kb1 Qc7 12. h4 Rfc8 13. g4 Qa5 14. a3 Rab8
15. h5 b5 16. Bxf6 Bxf6 17. Nd5 Qxd2 18. Nxf6+ Kg7 1/2-1/2

[Event "SERBIA CHESS OPEN 2021 – MASTERS"]
[Site "Belgrade, Hotel Metropol"]
[Date "2021.07.05"]
[Round "5.66"]
[White "Manakova, Maria"]
[Black "Megalios, Konstantinos"]
[Result "0-1"]
[WhiteElo "2254"]
[BlackElo "2390"]
[PlyCount "150"]
[EventDate "2021.??.??"]

1. e4 c6 2. d4 d5 3. exd5 cxd5 4. c4 Nf6 5. Nc3 Nc6 6. Nf3 Be6 7. c5 g6 8. Bb5
Bg7 9. Ne5 Bd7 10. Nxd7 Nxd7 11. Nxd5 Nxd4 12. Qa4 a6 13. Bh6 Nc2+ 14. Qxc2
Bxh6 15. Ba4 O-O 16. Rd1 b5 17. cxb6 Nxb6 18. Nf6+ exf6 19. Rxd8 Raxd8 20. O-O
Rd2 21. Qc6 Nxa4 22. Qxa4 Rxb2 23. Qxa6 Re8 24. a4 Ra2 25. Qc4 Ra3 26. Qc6 Re2
27. g3 Kg7 28. Rb1 Raa2 29. Qf3 Re6 30. Rb4 Re1+ 31. Kg2 Be3 32. Rb5 Rxf2+ 33.
Qxf2 Bxf2 34. Kxf2 Ra1 35. a5 Ra2+ 36. Ke3 Rxh2 37. Kd4 Rg2 38. Kc5 Rxg3 39. a6
Re3 40. a7 Ra3 41. Kb6 Rxa7 42. Kxa7 f5 43. Kb6 Kf6 44. Kc5 Ke5 45. Rb7 h5 46.
Rxf7 h4 47. Rg7 f4 48. Rxg6 f3 49. Rg5+ Kf4 50. Rh5 Kg4 51. Rd5 f2 52. Rd1 Kf3
53. Rh1 Kg2 54. Rxh4 f1=Q 55. Rd4 Kf3 56. Rc4 Ke3 57. Rc3+ Ke4 58. Rc4+ Ke5 59.
Rc3 Qe1 60. Kc4 Qe2+ 61. Kc5 Qd2 62. Kc4 Qd5+ 63. Kb4 Kd4 64. Rb3 Qc5+ 65. Ka4
Qa7+ 66. Kb4 Qa6 67. Rb2 Qb6+ 68. Ka3 Qa5+ 69. Kb3 Kd3 70. Rb1 Qb5+ 71. Ka2
Qa4+ 72. Kb2 Kd2 73. Ra1 Qb4+ 74. Ka2 Kc2 75. Rc1+ Kxc1 0-1

[Event "SERBIA CHESS OPEN 2021 – MASTERS"]
[Site "Belgrade, Hotel Metropol"]
[Date "2021.07.05"]
[Round "5.67"]
[White "Tadic, Stefan"]
[Black "Eric, Jovana"]
[Result "0-1"]
[WhiteElo "2390"]
[BlackElo "2250"]
[PlyCount "41"]
[EventDate "2021.??.??"]

1. e4 e6 2. d4 d5 3. Nc3 Bb4 4. exd5 exd5 5. Bd3 Nc6 6. a3 Bxc3+ 7. bxc3 Nge7
8. Qh5 Be6 9. Nf3 Qd7 10. Ng5 g6 11. Qf3 O-O-O 12. O-O Nf5 13. Nxe6 fxe6 14.
Re1 Rde8 15. Bf4 Rhf8 16. Qg4 Qf7 17. Be5 Nxe5 18. Rxe5 Nd6 19. f3 Qd7 20. Rae1
Rf6 21. Bf1 0-1

[Event "SERBIA CHESS OPEN 2021 – MASTERS"]
[Site "Belgrade, Hotel Metropol"]
[Date "2021.07.05"]
[Round "5.68"]
[White "Mullick, Raahil"]
[Black "Ivanovic, Marko"]
[Result "0-1"]
[WhiteElo "2386"]
[BlackElo "2245"]
[PlyCount "92"]
[EventDate "2021.??.??"]

1. e4 c6 2. d4 d5 3. e5 c5 4. dxc5 e6 5. a3 Bxc5 6. b4 Be7 7. Nf3 a5 8. b5 Nd7
9. Be2 f6 10. Bb2 fxe5 11. Nxe5 Bf6 12. Nd3 Bxb2 13. Nxb2 Qf6 14. c3 Ne7 15.
O-O O-O 16. Qd2 Nc5 17. Ra2 e5 18. Nd3 Ne4 19. Qe1 Ng6 20. f3 Nd6 21. a4 Be6
22. Nd2 Rac8 23. Rc2 Nf5 24. Qf2 Nf4 25. Rfc1 Qg5 26. Nxf4 exf4 27. Nf1 Ne3 28.
Nxe3 fxe3 29. Qf1 Bf5 30. Ra2 Rc5 31. Rd1 Rfc8 32. f4 Qe7 33. Qf3 Qe6 34. Raa1
Bc2 35. Rd4 Rxc3 36. Qxd5 Qxd5 37. Rxd5 Bb3 38. Rdd1 Bxd1 39. Bxd1 Rc1 40. Kf1
R8c2 41. Ke1 Rxd1+ 42. Kxd1 Rd2+ 43. Ke1 g6 44. g4 Kf7 45. f5 Kf6 46. h4 h5 0-1

[Event "SERBIA CHESS OPEN 2021 – MASTERS"]
[Site "Belgrade, Hotel Metropol"]
[Date "2021.07.05"]
[Round "5.69"]
[White "Brilej, Jaka"]
[Black "Rozen, Eytan"]
[Result "1-0"]
[WhiteElo "2244"]
[BlackElo "2386"]
[PlyCount "63"]
[EventDate "2021.??.??"]

1. e4 c6 2. d4 d5 3. e5 c5 4. dxc5 e6 5. a3 Bxc5 6. Qg4 g6 7. Nf3 h5 8. Qf4 Nc6
9. Nc3 Nh6 10. Bd3 Ng4 11. O-O Qb6 12. Nd1 Qc7 13. Re1 a6 14. b4 Bf8 15. h3 Nh6
16. c4 dxc4 17. Qxc4 Bd7 18. Bg5 Bg7 19. Qf4 Nf5 20. Bxf5 gxf5 21. Rc1 Rc8 22.
Nb2 b5 23. Nd3 Qa7 24. Nc5 Ne7 25. Bxe7 Kxe7 26. Qg5+ Kf8 27. Nxd7+ Qxd7 28.
Rxc8+ Qxc8 29. Rd1 f6 30. exf6 Bh6 31. Qxh5 Qe8 32. f7 1-0

[Event "SERBIA CHESS OPEN 2021 – MASTERS"]
[Site "Belgrade, Hotel Metropol"]
[Date "2021.07.05"]
[Round "5.70"]
[White "Maerevoet, Sim"]
[Black "Antova, Gabriela"]
[Result "1-0"]
[WhiteElo "2384"]
[BlackElo "2241"]
[PlyCount "47"]
[EventDate "2021.??.??"]

1. e4 c5 2. b4 cxb4 3. a3 d5 4. exd5 Qxd5 5. Nf3 e5 6. c4 Qe6 7. Bd3 Nc6 8. O-O
Nf6 9. Re1 Bd6 10. Bc2 Qxc4 11. d4 e4 12. Nbd2 Qc3 13. Nxe4 Nxe4 14. Rxe4+ Ne7
15. Ba4+ Kf8 16. Bd2 Qc7 17. Rc1 Qd8 18. Bxb4 Bf5 19. Re1 Bxb4 20. axb4 Qd6 21.
Bb3 Bg6 22. Ne5 Nf5 23. Qf3 Qxb4 24. Bxf7 1-0

[Event "SERBIA CHESS OPEN 2021 – MASTERS"]
[Site "Belgrade, Hotel Metropol"]
[Date "2021.07.05"]
[Round "5.71"]
[White "Arsovic, Zoran"]
[Black "Spasic, Petar"]
[Result "1-0"]
[WhiteElo "2381"]
[BlackElo "2227"]
[PlyCount "53"]
[EventDate "2021.??.??"]

1. Nf3 Nf6 2. c4 g6 3. Nc3 Bg7 4. e4 d6 5. d4 O-O 6. h3 e5 7. dxe5 dxe5 8. Be3
Qe7 9. Nd5 Nxd5 10. cxd5 Rd8 11. Bc4 c6 12. O-O Bf6 13. Qc2 b5 14. Bb3 Bb7 15.
Rfd1 Rc8 16. Rac1 Na6 17. d6 Qd7 18. a4 Kg7 19. Qd2 bxa4 20. Bxa4 Qe6 21. b4
Nb8 22. Qc3 Nd7 23. Bb3 Qe8 24. Qd2 Qd8 25. Bh6+ Kg8 26. Kf1 Kh8 27. Bxf7 1-0

[Event "SERBIA CHESS OPEN 2021 – MASTERS"]
[Site "Belgrade, Hotel Metropol"]
[Date "2021.07.05"]
[Round "5.72"]
[White "Spiric, Igor"]
[Black "Todorovic, Goran M"]
[Result "0-1"]
[WhiteElo "2241"]
[BlackElo "2373"]
[PlyCount "64"]
[EventDate "2021.??.??"]

1. Nf3 e6 2. b3 Nf6 3. Bb2 d5 4. e3 b6 5. Be2 Bb7 6. d3 Nbd7 7. Nbd2 a5 8. a3
Bd6 9. c4 O-O 10. Qc2 Re8 11. O-O c5 12. Rfe1 Qc7 13. cxd5 exd5 14. d4 a4 15.
dxc5 axb3 16. Nxb3 bxc5 17. Bb5 Ne4 18. a4 Re6 19. Nbd4 Rf6 20. Bxd7 Qxd7 21.
Nb5 Rxf3 22. gxf3 Ng5 23. Nxd6 Nxf3+ 24. Kf1 Qxd6 25. Qf5 d4 26. Qf4 Nxh2+ 27.
Ke2 Qa6+ 28. Kd1 Qd3+ 29. Kc1 Be4 30. Re2 Qc4+ 31. Kd2 Nf3+ 32. Kd1 Bc2+ 0-1

[Event "SERBIA CHESS OPEN 2021 – MASTERS"]
[Site "Belgrade, Hotel Metropol"]
[Date "2021.07.05"]
[Round "5.73"]
[White "Vatsal, Singhania"]
[Black "Varshini, V."]
[Result "1-0"]
[WhiteElo "2371"]
[BlackElo "2226"]
[PlyCount "95"]
[EventDate "2021.??.??"]

1. e4 c5 2. Nf3 a6 3. d4 cxd4 4. Nxd4 Nf6 5. Nc3 d6 6. Be2 e5 7. Nf3 Be7 8. Bg5
Be6 9. Bxf6 Bxf6 10. O-O O-O 11. Nd5 Nd7 12. Bc4 Be7 13. Qe2 Nb6 14. Nxb6 Qxb6
15. Bb3 Kh8 16. Rfd1 Rad8 17. Rd2 Bc8 18. c3 f5 19. Bd5 fxe4 20. Bxe4 Bf5 21.
Re1 Rf7 22. Bxf5 Rxf5 23. Qe3 Qc7 24. Rd5 Rdf8 25. Qd3 Qc8 26. Re2 Qe8 27. Nd2
Qa4 28. a3 Qg4 29. Ne4 Rf3 30. Re3 Rxe3 31. Qxe3 Qg6 32. f3 h6 33. Qd3 Rd8 34.
a4 Qe6 35. a5 Qc8 36. c4 Qc7 37. b3 Qb8 38. Kf1 b6 39. Ng3 bxa5 40. Nf5 Qc7 41.
c5 Bf6 42. Nxd6 Rb8 43. Ne4 Qf7 44. c6 a4 45. Nxf6 gxf6 46. Rd7 Qg8 47. c7 Rc8
48. Rd8 1-0

[Event "SERBIA CHESS OPEN 2021 – MASTERS"]
[Site "Belgrade, Hotel Metropol"]
[Date "2021.07.05"]
[Round "5.75"]
[White "Damjanovic, Vuk"]
[Black "Blagojevic, Tijana"]
[Result "1-0"]
[WhiteElo "2369"]
[BlackElo "2222"]
[PlyCount "61"]
[EventDate "2021.??.??"]

1. c4 e5 2. e3 Nf6 3. Nc3 d5 4. cxd5 Nxd5 5. Nf3 Nxc3 6. bxc3 Bd6 7. d4 Nd7 8.
Bd3 Qe7 9. Qc2 h6 10. O-O O-O 11. e4 Re8 12. Bb2 b6 13. Nd2 Bb7 14. Rae1 Nf8
15. f4 exd4 16. cxd4 Ba3 17. Ba1 Rad8 18. f5 Qd7 19. Re3 Nh7 20. Rg3 Kf8 21.
Nc4 Bd6 22. e5 b5 23. f6 Ng5 24. fxg7+ Kg8 25. Nxd6 cxd6 26. h4 Rc8 27. Qb1
dxe5 28. dxe5 Qd5 29. hxg5 Qc5+ 30. Kh2 h5 31. Bh7+ 1-0

[Event "SERBIA CHESS OPEN 2021 – MASTERS"]
[Site "Belgrade, Hotel Metropol"]
[Date "2021.07.05"]
[Round "5.76"]
[White "Souhardo, Basak"]
[Black "Sharma, Isha"]
[Result "1-0"]
[WhiteElo "2364"]
[BlackElo "2213"]
[PlyCount "51"]
[EventDate "2021.??.??"]

1. e4 e6 2. d4 d5 3. Nd2 Nf6 4. e5 Nfd7 5. Bd3 c5 6. c3 Nc6 7. Ngf3 Be7 8. O-O
g5 9. dxc5 g4 10. Nd4 Ndxe5 11. Bb5 Bd7 12. N2b3 h5 13. Qe2 Ng6 14. f4 gxf3 15.
Nxf3 f5 16. Bxc6 bxc6 17. Nbd4 Kf7 18. Bf4 Nxf4 19. Ne5+ Kf6 20. Rxf4 Bxc5 21.
Kh1 Qc7 22. Re1 Bxd4 23. cxd4 Rac8 24. Qf2 Rhg8 25. Qh4+ Rg5 26. Rf3 1-0

[Event "SERBIA CHESS OPEN 2021 – MASTERS"]
[Site "Belgrade, Hotel Metropol"]
[Date "2021.07.05"]
[Round "5.77"]
[White "Pastar, Slaven"]
[Black "Toncheva, Nadya"]
[Result "1-0"]
[WhiteElo "2354"]
[BlackElo "2201"]
[PlyCount "115"]
[EventDate "2021.??.??"]

1. d4 d5 2. c4 dxc4 3. Nf3 Nf6 4. e3 Bg4 5. Bxc4 e6 6. Nc3 a6 7. h3 Bh5 8. g4
Bg6 9. Ne5 Nbd7 10. Nxg6 hxg6 11. Bf1 c5 12. Bg2 Qc7 13. Bd2 Be7 14. Rc1 Rc8
15. Qf3 b5 16. Qb7 b4 17. Na4 Qxb7 18. Bxb7 Rb8 19. Bg2 cxd4 20. exd4 O-O 21.
Ke2 Nd5 22. Rc6 N7b6 23. Nxb6 Nxb6 24. Rhc1 a5 25. Kd3 Nd5 26. Bxd5 exd5 27.
Ra6 Ra8 28. Rxa8 Rxa8 29. Rc7 Bd6 30. Rb7 Rb8 31. Ra7 Rb5 32. Kc2 b3+ 33. axb3
Bb4 34. Bxb4 axb4 35. Kd3 f6 36. Rc7 Ra5 37. Rc5 Ra2 38. Rxd5 Rxb2 39. Kc4 Rxf2
40. Kxb4 f5 41. Re5 f4 42. d5 Kf7 43. g5 f3 44. Re3 Rf1 45. h4 f2 46. Re2 Kg8
47. Kb5 Kf7 48. b4 Kg8 49. Kb6 Kf7 50. b5 Kg8 51. Kb7 Kf7 52. b6 Kg8 53. Kb8
Kf7 54. b7 Kg8 55. d6 Kh7 56. Rd2 Kg8 57. d7 Kh7 58. h5 1-0

[Event "SERBIA CHESS OPEN 2021 – MASTERS"]
[Site "Belgrade, Hotel Metropol"]
[Date "2021.07.05"]
[Round "5.78"]
[White "Trost, Edvin"]
[Black "Krstulovic, Alex"]
[Result "0-1"]
[WhiteElo "2184"]
[BlackElo "2353"]
[PlyCount "121"]
[EventDate "2021.??.??"]

1. d4 Nf6 2. c4 g6 3. g3 Bg7 4. Bg2 O-O 5. Nc3 d6 6. Nf3 c6 7. O-O Qb6 8. e4
Bg4 9. Rb1 Nfd7 10. Be3 c5 11. dxc5 dxc5 12. Nd5 Qd8 13. Qb3 b6 14. h3 Bxf3 15.
Bxf3 Nc6 16. Bg2 e6 17. Nc3 Na5 18. Qa4 Ne5 19. Rbd1 Qe7 20. b3 Nexc4 21. bxc4
Bxc3 22. Rd3 Bg7 23. Rfd1 Qe8 24. Qc2 Nc6 25. Qe2 Nd4 26. Bxd4 Bxd4 27. e5 Rd8
28. Rb1 Qa4 29. Rdb3 Rd7 30. Kh2 Rfd8 31. h4 h5 32. Rf1 Qa5 33. Rc1 Kg7 34. Bc6
Rc7 35. Bg2 Rb8 36. Rb5 Qa4 37. Rb3 a6 38. f4 b5 39. Rc2 b4 40. Be4 Rh8 41. g4
Bc3 42. Rb1 Rd7 43. Rg1 Qxc2 44. Qxc2 Rd2+ 45. Kg3 Rxc2 46. Bxc2 hxg4 47. Kxg4
Rd8 48. Rd1 Bd2 49. Bb3 Rd4 50. Rf1 f6 51. exf6+ Kxf6 52. Kg3 a5 53. Rf3 Be1+
54. Kh3 Re4 55. Rf1 Re3+ 56. Kg2 Bxh4 57. Rd1 Rg3+ 58. Kh2 Re3 59. Rd6 Bg3+ 60.
Kg2 Bxf4 61. Ra6 0-1